| 000 | 00884nam a22002772i 4500 | ||
|---|---|---|---|
| 001 | 15211 | ||
| 003 | BD-RjUL | ||
| 005 | 20211208235754.0 | ||
| 008 | 140209t1981 njua b 001 0 eng d | ||
| 020 | _a0133161412 | ||
| 020 | _a0133161331 (pbk.) | ||
| 035 | _a(BD-RjUL)15265 | ||
| 040 |
_aDLC _cDLC _dEQO _dBD-RjUL _beng |
||
| 041 | _aeng | ||
| 082 |
_a657.30973 _219 _bBEF 1981 |
||
| 100 | 1 |
_aBeaver, William H. _947307 |
|
| 245 | 1 | 0 |
_aFinancial reporting : _ban accounting revolution / _cWilliam H. Beaver |
| 260 |
_aEnglewood Cliffs, N.J : _bPrentice-Hall, _cc1981. |
||
| 300 |
_axx, 213 p. : _bill. ; _c24 cm |
||
| 504 | _aIncludes bibliographies and index | ||
| 650 | 0 |
_aAccounting _zUnited States _947308 |
|
| 650 | 0 |
_aFinancial statements _zUnited States _947309 |
|
| 830 | 0 |
_aContemporary topics in accounting series _9230005 |
|
| 942 |
_2ddc _cBK |
||
| 999 |
_c15211 _d15211 |
||